[Event "GER-ch"]
[Site "Bad Wildbad"]
[Date "1993.??.??"]
[Round "1"]
[White "Niermann, Michael"]
[Black "Hedke, Fred"]
[Result "1/2-1/2"]
[WhiteElo "2215"]
[BlackElo "2345"]

1.Nf3 d5 2.g3 Nf6 3.Bg2 e6 4.O-O Be7 5.d3 O-O 6.Nbd2 Nc6 7.e4 dxe4 8.dxe4 e5
9.Qe2 Nd4 10.Nxd4 Qxd4 11.c3 Qc5 12.Nf3 c6 13.h3 Re8 14.Be3 Qa5 15.Qc2 Be6
16.Rfd1 h6 17.Nh4 Rad8 18.Nf5 Bf8 19.b3 Bxf5 20.exf5 Nd5 21.Bd2 Qc5 22.a3 a5
23.c4 Rd7 24.Qc1 Nf6 25.Be3 Qe7 26.Bb6 Ra8 27.Be3 Rad8 28.Rxd7 Qxd7 29.g4 Qd3
30.Qb2 e4 31.Bf1 Qd6 32.Qc3 Ra8 33.Be2 Nd7 34.Rd1 Qe7 35.Bf4 Nf6 36.a4 Qa3
37.Bc1 Qe7 38.Bf4 Qa3 39.Bc1 Qe7 40.Be3 Nd7  1/2-1/2

[Event "GER-ch"]
[Site "Bad Wildbad"]
[Date "1993.??.??"]
[Round "1"]
[White "Gutman, Lev"]
[Black "Haag, Martin"]
[Result "1-0"]
[WhiteElo "2450"]
[BlackElo "2290"]

1.Nf3 d5 2.g3 Nc6 3.d4 Bf5 4.Bg2 Nb4 5.Na3 e6 6.O-O Nf6 7.c4 Be7 8.Nh4 Bg4
9.h3 Bh5 10.cxd5 exd5 11.Nb5 c6 12.Nc3 O-O 13.Qb3 Qd7 14.Bg5 Na6 15.g4 Bg6
16.Nf3 Qc7 17.Rac1 Qb6 18.Ne5 Rfe8 19.Qxb6 axb6 20.f4 Be4 21.Bxe4 Nxe4 22.Nxe4 dxe4
23.Bxe7 Rxe7 24.Nc4 b5 25.Nb6 Rd8 26.Rfd1 g6 27.d5 c5 28.a4 bxa4 29.Nxa4 Rc7
30.Kf2 Rd6 31.g5 Kg7 32.Ke3 Re7 33.Nxc5 Nb4 34.Nxe4 Rxd5 35.Rxd5 Nxd5+ 36.Kf3 f5
37.gxf6+ Nxf6 38.Nxf6 Kxf6 39.Rc5 Kf7 40.Rb5 Rd7 41.Rb6 Kg7 42.e4 Rd3+ 43.Kg4 Rd7
44.Kg5 Re7 45.e5 Rf7 46.h4 h5 47.Rxg6+  1-0

[Event "GER-ch"]
[Site "Bad Wildbad"]
[Date "1993.??.??"]
[Round "2"]
[White "Espig, Lutz"]
[Black "Beikert, Guenther"]
[Result "1/2-1/2"]
[WhiteElo "2455"]
[BlackElo "2415"]

1.Nf3 d5 2.g3 Bg4 3.Bg2 Nd7 4.O-O e6 5.b3 Be7 6.Bb2 Ngf6 7.d3 O-O 8.Nbd2 c6
9.h3 Bh5 10.e4 b5 11.Qe1 Bxf3 12.Nxf3 a5 13.a3 Qb6 14.Qe2 Rfc8 15.Rfb1 b4
16.axb4 axb4 17.Bf1 Ne8 18.Qe1 Nd6 19.Nd2 Nb5 20.Nf3 Rxa1 21.Rxa1 Na3 22.Rc1 Bf6
23.d4 Nb5 24.Qe3 Ra8 25.Ra1 Rxa1 26.Bxa1 Qa5 27.Bb2 Nd6 28.e5 Nf5 29.Qd3 Bd8
30.Qa6 Qc7 31.Bd3 h5 32.Bc1 Be7 33.Bf4 g6 34.Bxf5 gxf5 35.Qe2 c5 36.Bg5 Bf8
37.Qb5 cxd4 38.Qe2 Bg7 39.Bf4 Qc3 40.Qd1 d3 41.cxd3 Bxe5 42.Bxe5 Nxe5 43.Nxe5 Qxe5
44.Qxh5 Qe1+ 45.Kg2 Qd2 46.h4 Kg7 47.g4 fxg4 48.Qxg4+ Kf8 49.Qg3 Qd1 50.Qd6+ Kg7
51.Qxb4 Qxd3 52.Qg4+ Kf8 53.b4 Qg6 54.Kh3 Qd3+ 55.Qg3 Qf5+ 56.Kh2 Qe4 57.b5 d4
58.b6 d3 59.h5 Qd5 60.h6 d2 61.b7 Qxb7 62.Qd6+ Kg8 63.Qg3+ Kf8 64.Qd6+ Kg8  1/2-1/2

[Event "GER-ch"]
[Site "Bad Wildbad"]
[Date "1993.??.??"]
[Round "5"]
[White "Hickl, Joerg"]
[Black "Gutman, Lev"]
[Result "1/2-1/2"]
[WhiteElo "2570"]
[BlackElo "2450"]

1.g3 d5 2.Nf3 Nf6 3.c4 g6 4.b3 Bg7 5.Bb2 c6 6.Bg2 O-O 7.O-O Bg4 8.Qc2 Nbd7
9.d3 Re8 10.Ne5 Nxe5 11.Bxe5 Qd7 12.Qb2 Rad8 13.Re1 Bh3 14.Nd2 Bxg2 15.Kxg2 Nh5
16.Bxg7 Nxg7 17.Nf3 f6 18.cxd5 cxd5 19.Rac1 e5 20.Rc2 Ne6 21.Rec1 a6 22.Qa3 Qd6
23.Qa5 e4 24.dxe4 dxe4 25.Ng1 Qd5 26.Qb6 Rd6 27.Qa7 Rdd8 28.Rc4 f5 29.e3 Qb5
30.a4 Qxb3 31.R1c3 Qb2 32.Rc2 Qb1 33.Rc1 Qb2 34.R1c2 Qb3 35.R2c3  1/2-1/2

[Event "GER-ch"]
[Site "Bad Wildbad"]
[Date "1993.??.??"]
[Round "7"]
[White "Niermann, Michael"]
[Black "Rausch, Stephan"]
[Result "0-1"]
[WhiteElo "2215"]
[BlackElo "2315"]

1.Nf3 d5 2.g3 Bg4 3.Bg2 Nd7 4.O-O c6 5.d3 e5 6.Nbd2 Ngf6 7.e4 dxe4 8.dxe4 Be7
9.h3 Bh5 10.Qe1 O-O 11.Nc4 Qc7 12.Nh4 Rfe8 13.Nf5 Bf8 14.Bg5 b5 15.Qa5 Qb8
16.Nd2 h6 17.Be3 Nc5 18.g4 Bg6 19.c4 Nfd7 20.cxb5 cxb5 21.Rfd1 a6 22.Rac1 Nd3
23.Rc6 Bb4 24.Qc7 Nxb2 25.Rb1 Bxd2 26.Bxd2 Ra7 27.Qd6 Bxf5 28.Rxb2 Qxd6 29.Rxd6 Be6
30.Be3 Raa8 31.Rc2 Nf8 32.Bf1 Red8 33.Rxd8 Rxd8 34.a3 Ng6 35.f3 Rc8 36.Rxc8+ Bxc8
37.Bc5 Nf8 38.Kf2 Ne6 39.Bd6 f6 40.h4 h5 41.g5 Nf4 42.Kg3 Kf7 43.gxf6 gxf6
44.Bb4 Bd7 45.Bd2 Ne6 46.Be2 f5 47.exf5 Nd4 48.Kf2 Bxf5 49.f4 Nxe2 50.Kxe2 e4
51.Ke3 Ke6 52.Ba5 Kd5 53.Bd8 Kc4 54.Be7 a5 55.Bd8 Kb3 56.Bxa5 Kxa3  0-1

[Event "GER-ch"]
[Site "Bad Wildbad"]
[Date "1993.??.??"]
[Round "8"]
[White "Paehtz, Thomas Sr"]
[Black "Luther, Thomas"]
[Result "1/2-1/2"]
[WhiteElo "2470"]
[BlackElo "2480"]

1.Nf3 d5 2.g3 c6 3.Bg2 Nf6 4.O-O Bg4 5.b3 Nbd7 6.Bb2 e6 7.d3 Bd6 8.Nbd2 O-O
9.c4 a5 10.a3 Qe7  1/2-1/2

[Event "Wch Seniors"]
[Site "Bad Wildbad"]
[Date "1993.??.??"]
[Round "10"]
[White "Lein, Anatoly"]
[Black "Khasin, Abram"]
[Result "1-0"]
[WhiteElo "2465"]
[BlackElo "2390"]

1.Nf3 d5 2.g3 Nf6 3.Bg2 Bf5 4.d3 e6 5.O-O Be7 6.Nbd2 O-O 7.Qe1 h6 8.e4 Bh7
9.Qe2 c5 10.b3 Nc6 11.Bb2 Re8 12.Ne5 Nd4 13.Qd1 Qc7 14.f4 dxe4 15.dxe4 Rad8
16.c3 Nb5 17.Qe2 Nd6 18.c4 Bf8 19.g4 Qe7 20.Rf2 Nd7 21.Nxd7 Rxd7 22.e5 Nc8
23.f5 Qh4 24.Ne4 b6 25.Raf1 Qd8 26.Qf3 a5 27.Qf4 Qc7 28.Ng3 Kh8 29.g5 Bxf5
30.Nxf5 hxg5 31.Qxg5 exf5 32.Qxf5 Re6 33.Bd5 Rg6+ 34.Qxg6 fxg6 35.Rxf8+ Kh7
36.R1f3  1-0

[Event "Mitropa Cup"]
[Site "Bad Woerishofen"]
[Date "1993.??.??"]
[Round "?"]
[White "Hug, Werner"]
[Black "Garcia Palermo, Carlos"]
[Result "1/2-1/2"]
[WhiteElo "2430"]
[BlackElo "2475"]

1.Nf3 d5 2.g3 c6 3.Bg2 Bg4 4.d4 Nd7 5.Nbd2 e6 6.O-O Ngf6 7.Re1 Be7 8.e4 dxe4
9.Nxe4 O-O 10.c3 Nxe4 11.Rxe4 Bf5 12.Re1 a5 13.a4 Qb6 14.Nd2 Qa6 15.Nf1 Rfe8
16.Bf4 Nb6  1/2-1/2

[Event "Baden-Baden op"]
[Site "Baden-Baden"]
[Date "1993.??.??"]
[Round "7"]
[White "Beikert, Guenther"]
[Black "Fahnenschmidt, Gerhard"]
[Result "1-0"]
[WhiteElo "2415"]
[BlackElo "2395"]

1.g3 d5 2.Nf3 c6 3.Bg2 Nf6 4.O-O Bg4 5.d3 Nbd7 6.c4 dxc4 7.dxc4 e5 8.Nc3 Be7
9.Qc2 O-O 10.Be3 Qc7 11.Rad1 Nc5 12.h3 Bxf3 13.Bxf3 Ne6 14.Qb1 Rad8 15.Rxd8 Rxd8
16.Bg2 Nd4 17.Rc1 Qd7 18.Kf1 Qe6 19.b3 h6 20.Rd1 Bb4 21.Bd2 Qe7 22.Be1 g6
23.Qc1 Kh7 24.Rd3 Ne6 25.Rxd8 Nxd8 26.Qe3 Bc5 27.Qd3 Ne6 28.Bd2 Qd6 29.Qxd6 Bxd6
30.Na4 Nd7 31.b4 a6 32.c5 Bc7 33.Nb2 a5 34.b5 cxb5 35.c6 bxc6 36.Bxc6 Ndc5
37.Bxb5 Nd4 38.Be1 Ne4 39.Ba4 Nd6 40.Nd3 e4 41.Nf4 Bd8 42.Nd5 g5 43.Bc3 N4b5
44.Bf6 Bxf6 45.Nxf6+ Kg7 46.Nxe4 Nxe4 47.Bxb5 Kf6 48.Bd3 Nd6 49.f4 gxf4 50.gxf4 Nb7
51.e4 Nc5 52.Ke2 Ke7 53.Ke3 f6 54.Bc4 Kd6 55.Kd4 Nd7 56.Bb5 Nf8 57.e5+ Ke7
58.Bc4 Ng6 59.Ke4 Nh4 60.exf6+ Kxf6 61.a4 Ng6 62.Bd3 Nh4 63.Ke3 Ng2+ 64.Kf3 Ne1+
65.Ke4 Ng2 66.Bb1 Nh4 67.Ke3 Ke6 68.Kf2 Kf6 69.Kg3 Nf5+ 70.Bxf5 Kxf5 71.Kf3 h5
72.h4 Kf6 73.Ke4 Ke6 74.f5+ Ke7 75.Ke5 Kf7 76.f6 Kf8 77.Kf5 Kg8 78.Ke6  1-0

[Event "Balatonfuzfo"]
[Site "Balatonfuzfo"]
[Date "1993.??.??"]
[Round "7"]
[White "Forgacs, Attila"]
[Black "Kurucsai, Istvan"]
[Result "1-0"]
[WhiteElo "2200"]
[BlackElo "2240"]

1.Nf3 d5 2.g3 Bg4 3.Bg2 Nc6 4.O-O e5 5.d3 Qd7 6.c4 d4 7.Re1 Bb4 8.Bd2 Bxd2
9.Nbxd2 Nf6 10.b4 Qe7 11.b5 Nd8 12.e3 dxe3 13.Rxe3 Nd7 14.Qe1 f6 15.d4 Nf7
16.dxe5 fxe5 17.h3 Bxf3 18.Bxf3 Rb8 19.Bd5 O-O 20.Nf3 Kh8 21.Rd1 Qc5 22.Bxf7 Rxf7
23.Rxd7 Rxd7 24.Nxe5 Re7 25.Ng6+ hxg6 26.Rxe7 Qxc4 27.Qe5 Rg8 28.Rxc7 Qxa2
29.Rxb7 a5 30.Qd4 Qb1+ 31.Kg2 Qb4 32.Qe3 a4 33.b6 Qb5 34.Ra7 Qc6+ 35.Kh2 g5
36.Qd4 a3 37.Rxa3 Rf8 38.Ra7 Qh6 39.Rc7 g4 40.h4 Rg8 41.b7 Qe6 42.Rxg7 Rxg7
43.b8=Q+ Kh7 44.Qd3+ Rg6 45.h5 Qf6 46.Qxg6+  1-0

[Event "Oberliga Bayern9394"]
[Site "Bayern"]
[Date "1993.??.??"]
[Round "?"]
[White "Blodig, Reinhard"]
[Black "Goetz, Andreas"]
[Result "1/2-1/2"]
[WhiteElo "2095"]
[BlackElo "2085"]

1.g3 d5 2.Nf3 Nf6 3.Bg2 c6 4.c4 e6 5.O-O a5 6.d3 dxc4 7.dxc4 Qxd1 8.Rxd1 Bc5
9.Nc3 Nbd7 10.b3 O-O 11.Ng5 Be7 12.Nge4 Nxe4 13.Nxe4 a4 14.Bb2 axb3 15.axb3 Rxa1
16.Bxa1 Nc5 17.Nxc5 Bxc5 18.Bc3 Bb6 19.Kf1 Rd8 20.Ra1 Kf8 21.Ke1 f6 22.b4 Ke7
23.c5 Bc7 24.b5 cxb5 25.Rb1 b6 26.cxb6 Bxb6 27.Rxb5 Bc7 28.Ba5 Bxa5+ 29.Rxa5 Rd7
30.Be4 f5 31.Rc5 Bb7 32.Bxb7 Rxb7  1/2-1/2

[Event "JUG-chT2"]
[Site "Becici"]
[Date "1993.??.??"]
[Round "?"]
[White "Kostic, V Vladimir"]
[Black "Cvetkovic, Srdjan"]
[Result "1/2-1/2"]
[WhiteElo "2320"]
[BlackElo "2500"]

1.Nf3 d5 2.g3 Nf6 3.Bg2 e6 4.O-O Be7 5.d4 O-O 6.c4 dxc4 7.Nbd2 b5 8.a4 c6
9.Ne5 Nd5 10.e4 Nf6 11.d5 Qc7 12.Nxc6 Nxc6 13.dxc6 Qxc6 14.axb5 Qxb5 15.e5 Nd5
16.Qg4 Ba6 17.Ne4 Kh8 18.Nc3 Nxc3 19.Bxa8 Rxa8 20.bxc3 Bb7 21.Qf4 Qd5 22.f3 g5
23.Qxf7 Bc5+ 24.Kg2 Rf8 25.Qh5 Qxe5 26.Ra2 Qf5 27.Bxg5 e5 28.h3 e4 29.Qg4 exf3+
30.Kh2 Qxg4 31.hxg4 f2 32.Rb2 Be4 33.Bf4 Kg8 34.Rfxf2 Bxf2 35.Rxf2 a5 36.Re2 Re8
37.Kg1 a4 38.Kf2 Re6 39.Bc1 Rf6+ 40.Bf4 Re6 41.Bc1 Kf7 42.Rb2 Bd3 43.Be3 Ra6
44.Bc1 Ke6 45.Ke3 Kd5 46.Rb5+ Kc6 47.Rb2 Kc5 48.Kf2 Bg6 49.Bg5 Kd5 50.Be7 Bd3
51.Ra2 Bb1 52.Rd2+ Ke4 53.Rd4+ Ke5 54.Ba3 Bd3 55.Ke3 Rh6 56.Rd8 Rh2 57.Re8+ Kf6
58.Ra8 Bc2 59.Kd4 Bb3 60.Ra7 Kg6 61.Bf8 Rd2+ 62.Kc5 Rd3 63.Kb4 Rxg3 64.Rg7+ Kf6
65.Rxh7 Rxg4 66.Rh1 Ke6 67.Bc5 Rg2 68.Ra1 Kd5 69.Bd4 Ke4 70.Ka3 Kd3 71.Be5 Bc2
72.Rh1 Bb3 73.Ra1 Re2 74.Bd4 Ke4 75.Bc5 Kd5 76.Bd4 Kc6 77.Bg7 Kb5 78.Bd4 Ka5
79.Bf6 Kb5 80.Bd4 Kc6 81.Bf6 Kd5 82.Bg7 Ke4 83.Bf6 Rd2 84.Bd4 Bd1 85.Bf6 Rd7
86.Bd4 Bc2 87.Rg1 Rb7 88.Rg4+ Kf3 89.Rg1 Rb5 90.Ba7 Rb3+ 91.Ka2 Bd3 92.Bd4 Ke4
93.Rc1 Kd5 94.Bf6 Kc6 95.Be7 Kb5 96.Bd6 Ka5 97.Bb4+ Ka6 98.Re1 Kb5 99.Re5+ Kc6
100.Ra5  1/2-1/2

[Event "JUG-chT2"]
[Site "Becici"]
[Date "1993.??.??"]
[Round "1"]
[White "Kosic, Dragan"]
[Black "Drcelic, Sreten"]
[Result "1-0"]
[WhiteElo "2455"]
[BlackElo "2245"]

1.Nf3 d5 2.g3 Nf6 3.Bg2 c6 4.O-O Bf5 5.d3 e6 6.Nbd2 Nbd7 7.Qe1 Bg6 8.e4 Qc7
9.Nh4 dxe4 10.dxe4 e5 11.a4 Be7 12.Nb3 Ng4 13.Nf5 Bxf5 14.exf5 h5 15.h3 Nh6
16.Be4 Nf6 17.a5 Nxe4 18.Qxe4 f6 19.Bxh6 Rxh6 20.Rfd1 Rd8 21.Rxd8+ Qxd8 22.a6 b6
23.Qxc6+ Qd7 24.Qf3 Qc8 25.Rd1 g6 26.Qb7 Qxf5 27.Qxa7  1-0

[Event "JUG-chT2"]
[Site "Becici"]
[Date "1993.??.??"]
[Round "1"]
[White "Janov, Viktor"]
[Black "Miladinovic, Igor"]
[Result "1/2-1/2"]
[WhiteElo "2280"]
[BlackElo "2440"]

1.Nf3 d5 2.g3 c6 3.Bg2 Bg4 4.b3 Nd7 5.Bb2 Ngf6 6.d3 Bxf3 7.Bxf3 e5 8.Nd2 Bd6
9.c4 O-O 10.O-O Qe7 11.cxd5 cxd5 12.e4 dxe4 13.dxe4 b5 14.a4 bxa4 15.Nc4 Bc5
16.Rxa4 Nb6 17.Nxb6 axb6 18.Qa1 Rxa4 19.Qxa4 Rd8 20.Rd1 h6 21.Qa1 Rxd1+ 22.Qxd1 Qe6
23.Kg2 Kh7 24.h3 g6 25.Qc2 h5 26.Be2 Qe7 27.Qc4 Ne8 28.Qd5 Nf6 29.Qc4 Ne8
30.Bc3 h4 31.b4 Bd6 32.gxh4 Ng7 33.h5 gxh5 34.Bd2 Qc7 35.Qd5 Ne6 36.b5 Bb4
37.Be3 Bc5 38.Bd2 Bd4 39.Qc4 Qe7 40.Qb3 Qf6  1/2-1/2

[Event "JUG-chT2"]
[Site "Becici"]
[Date "1993.??.??"]
[Round "1"]
[White "Simic, Radoslav"]
[Black "Vebic, Kasem"]
[Result "1-0"]
[WhiteElo "2455"]
[BlackElo "2260"]

1.Nf3 d5 2.g3 Nf6 3.Bg2 Nbd7 4.d4 e6 5.O-O Be7 6.c4 O-O 7.Qc2 c5 8.Rd1 b6
9.dxc5 Bxc5 10.cxd5 exd5 11.Nc3 Bb7 12.Bg5 Qc7 13.Bf4 Qd8 14.Nd4 Rc8 15.a3 Re8
16.Qd3 Ne5 17.Bxe5 Rxe5 18.e3 g6 19.Rac1 Ne4 20.Nf3 Nxf2 21.Kxf2 Rxe3 22.Qxe3 Bxe3+
23.Kxe3 Qf6 24.Rd4 g5 25.Kf2 h5 26.Nxd5 Qxd4+ 27.Nxd4 Rxc1 28.Nf6+ Kg7 29.Nxh5+ Kg6
30.Nf4+ gxf4 31.Bxb7 fxg3+ 32.hxg3 Kf6 33.Ke3 Rg1 34.Kf4 Rf1+ 35.Bf3 Rb1
36.b3 Re1 37.a4 Re5 38.g4 Rc5 39.Be2 Rd5 40.Nc6 Rd7 41.Bc4 a5 42.g5+ Kg7
43.Ne5 Rd4+ 44.Kf5 Rh4 45.Bxf7 Rd4 46.g6 Rd6 47.Nc4 Rc6 48.Ke4 Rf6 49.Ke5 Rc6
50.Nd6 Kf8 51.Bd5 Rc5 52.Nf5  1-0

[Event "JUG-chT2"]
[Site "Becici"]
[Date "1993.??.??"]
[Round "6"]
[White "Vukic, Aleksandar"]
[Black "Cvetkovic, Srdjan"]
[Result "1-0"]
[WhiteElo "2220"]
[BlackElo "2500"]

1.Nf3 d5 2.g3 Nf6 3.Bg2 e6 4.O-O Be7 5.c4 O-O 6.d4 dxc4 7.Qc2 a6 8.a4 Bd7
9.Rd1 Bc6 10.Nc3 Bb4 11.Bg5 Bxc3 12.Bxf6 Qxf6 13.bxc3 Nd7 14.Qa2 Nb6 15.a5 Nd5
16.Rdc1 b5 17.Ne5 Be8 18.e4 Ne7 19.Nxc4 Qg5 20.Ne5 Ng6 21.f4 Qd8 22.Nd3 Ne7
23.Qa3 Nc8 24.Qc5 c6 25.c4 Nd6 26.cxb5 Nxb5 27.Rc4 Ra7 28.Nb4 f6 29.h4 e5
30.dxe5 fxe5 31.Qxe5 Qd2 32.Qc5 Bf7 33.Rcc1 Rd7 34.Nxc6 Rd3 35.Rc2 Qe3+ 36.Qxe3 Rxe3
37.Kf2 Rb3 38.Bf1 Nd6 39.Ra4 Bh5 40.Rd4 Rf3+ 41.Kg2 Nb5 42.Bc4+ Kh8 43.Bxb5 axb5
44.Rc5 Bg4 45.Ne5  1-0

[Event "Belgrade"]
[Site "Belgrade"]
[Date "1993.??.??"]
[Round "4"]
[White "Damljanovic, Branko"]
[Black "Hodgson, Julian M"]
[Result "1/2-1/2"]
[WhiteElo "2570"]
[BlackElo "2625"]

1.Nf3 d5 2.g3 Bg4 3.Bg2 Nd7 4.O-O c6 5.d3 e6 6.b3 Bd6 7.Bb2 Ngf6 8.Nbd2 O-O
9.Qe1 e5 10.e4 Re8 11.a3 a5 12.h3 Bh5 13.Nh4 Bc5 14.Kh1 Nf8 15.f4 exf4 16.gxf4 dxe4
17.Nxe4 Nxe4 18.dxe4 f6 19.Qg3 Bg6 20.f5 Bh5 21.e5 Qc7 22.b4 axb4 23.axb4 Rxa1
24.Bxa1 Ba7 25.Qb3+ Bf7 26.e6 Nxe6 27.fxe6 Bxe6 28.c4 Bb8 29.Nf3 Bf7 30.Qc3 Qf4
31.Qd4 Bxc4  1/2-1/2

[Event "Benidorm op"]
[Site "Benidorm"]
[Date "1993.??.??"]
[Round "2"]
[White "Spraggett, Kevin"]
[Black "Garcia Callejo, Jesus"]
[Result "1-0"]
[WhiteElo "2565"]
[BlackElo "2275"]

1.Nf3 d5 2.g3 Nf6 3.Bg2 Bf5 4.O-O e6 5.c4 c6 6.b3 Nbd7 7.Bb2 Be7 8.d3 h6
9.Nbd2 O-O 10.Qc2 Bh7 11.a3 a5 12.Bc3 b5 13.cxb5 cxb5 14.Qb2 b4 15.axb4 axb4
16.Bd4 Qb8 17.Rxa8 Qxa8 18.Ra1 Qb8 19.Ne5 Nxe5 20.Bxe5 Qb6 21.Bd4 Bc5 22.Nf3 Bxd4
23.Qxd4 Nd7 24.Qxb6 Nxb6 25.Nd4 Rc8 26.f4 g5 27.Ra7 Rc1+ 28.Kf2 Nc8 29.Rd7 Bf5
30.Nxf5 exf5 31.Bxd5 Nb6 32.Bxf7+ Kf8 33.Rb7  1-0

[Event "Benidorm op"]
[Site "Benidorm"]
[Date "1993.??.??"]
[Round "4"]
[White "Spraggett, Kevin"]
[Black "Rodriguez Vargas, Orestes"]
[Result "0-1"]
[WhiteElo "2565"]
[BlackElo "2440"]

1.Nf3 d5 2.g3 c6 3.b3 Bg4 4.Bg2 Nd7 5.Bb2 e6 6.O-O Ngf6 7.c4 Bd6 8.d3 O-O
9.Nbd2 a5 10.a3 Re8 11.Qc2 e5 12.h3 Bh5 13.e4 dxe4 14.dxe4 Qc7 15.Rfe1 Bf8
16.Bc3 b5 17.b4 c5 18.bxa5 b4 19.Bb2 Rxa5 20.Nh4 Rea8 21.Qc1 Ne8 22.Nf5 Qa7
23.Nb3 Ra4 24.axb4 Rxa1 25.Bxa1 cxb4 26.Qg5 Nef6 27.Bxe5 Nxe5 28.Nh6+ Kh8
29.Qxe5 Re8 30.Qf4 Qa6 31.Nf5 Qxc4 32.Nfd4 Bg6 33.Kh2 h6 34.e5 Nd5 35.Qd2 Nc3
36.f4 Rd8 37.Bf1 Qd5 38.Bg2 Qc4 39.Bf1 Qc8 40.Qf2 Be4 41.f5 Bd5 42.Bg2 Bxb3
43.Nxb3 Qc4 44.Na5 Bc5 45.Qc2 Qb5 46.Nb7 Re8 47.e6 Bf8 48.Rf1 f6 49.Qd2 Rb8
50.Nd8 Rc8 51.Nf7+ Kg8 52.Qd7 Qc5 53.Rf4 Rc7 54.Qe8 Ne2 55.Rf1 Qe3 56.g4 Rc1
57.Rf2  0-1

[Event "Berliner Sommer"]
[Site "Berlin"]
[Date "1993.??.??"]
[Round "?"]
[White "Mowsziszian, Karen"]
[Black "Sherbakov, Ruslan"]
[Result "1-0"]
[WhiteElo "2480"]
[BlackElo "2580"]

1.Nf3 d5 2.g3 Bg4 3.Bg2 Nd7 4.c4 c6 5.cxd5 cxd5 6.Qa4 Bxf3 7.Bxf3 e6 8.d3 Nf6
9.e4 dxe4 10.dxe4 Bc5 11.O-O O-O 12.Nc3 Ne5 13.Be2 a6 14.Bf4 b5 15.Qc2 Nfd7
16.Rad1 Qb6 17.a4 b4 18.Nb1 Qc6 19.Kg2 Rac8 20.Bxe5 Nxe5 21.Nd2 Qb7 22.Nc4 b3
23.Qb1 Nxc4 24.Bxc4 Rfd8 25.f3 Bd4 26.Qd3 Ra8 27.Bd5 Rxd5 28.exd5 e5 29.Rc1 Qxd5
30.Qxa6 g6 31.Qc4 Qb7 32.Rfd1 Bxb2 33.Rb1 Rc8 34.Qd5 Rc2+ 35.Kh3 Qa6 36.Qd3 Qc8+
37.g4 Qc6 38.Qxb3 Rc1 39.Rxb2 Qf6 40.Qb6 Qf4 41.Qb3  1-0

[Event "Berliner Sommer"]
[Site "Berlin"]
[Date "1993.??.??"]
[Round "?"]
[White "Lagunow, Alexander"]
[Black "Trabert, Bettina"]
[Result "1-0"]
[WhiteElo "2420"]
[BlackElo "2200"]

1.Nf3 d5 2.g3 c6 3.c4 Nf6 4.Bg2 Bg4 5.cxd5 Bxf3 6.Bxf3 cxd5 7.Nc3 e6 8.O-O Nc6
9.d3 Be7 10.e4 dxe4 11.dxe4 O-O 12.Be3 Nd7 13.Na4 b5 14.Nc3 a6 15.Rc1 Rc8
16.Be2 Nce5 17.a4 Nc4 18.axb5 Nxe3 19.fxe3 Bc5 20.Kg2 Bxe3 21.Rc2 Nc5 22.bxa6 Qa5
23.Rf3 Bg5 24.Nb1 Rcd8 25.Qf1 Ra8 26.Ra3 Qb4 27.Rc4 Qb6 28.Qf2 Be7 29.b4 Nd7
30.Qxb6 Nxb6 31.Rc6 Rfb8 32.Rb3 Kf8 33.b5 Ra7 34.Nc3 Ke8 35.e5 Bd8 36.Rb1 Bc7
37.Ne4 Bxe5 38.Nd6+ Bxd6 39.Rxd6 Ke7 40.Rc6 Rd7 41.Rd1 Rxd1 42.Bxd1 Nd5 43.Ba4 Kd8
44.Kf3 Rc8 45.Rxc8+ Kxc8 46.Bc2 Nc7 47.Bd3 h6 48.Ke4 Nd5 49.Ke5 Kb8 50.Kd6 Ka7
51.Bc4 Ne3 52.Be2 Kb6 53.Ke7 Nf5+ 54.Kxf7 Nd4 55.Bf1 g5 56.g4 e5 57.Kg6 e4
58.Kxh6 Nf3 59.h3 e3 60.Kg6 Ka7 61.Kf5 Kb6 62.Bd3 Ng1 63.Kxg5 Nxh3+ 64.Kf5 Ng1
65.g5  1-0

[Event "Berliner Sommer"]
[Site "Berlin"]
[Date "1993.??.??"]
[Round "?"]
[White "Van der Werf, Mark"]
[Black "Kleeschaetzky, Rainer"]
[Result "1/2-1/2"]
[WhiteElo "2405"]
[BlackElo "2285"]

1.Nf3 d5 2.g3 c6 3.Bg2 Nf6 4.O-O Bg4 5.d4 e6 6.Nbd2 Nbd7 7.c3 Be7 8.Re1 O-O
9.e4 dxe4 10.Nxe4 Nxe4 11.Rxe4 Bf5 12.Re1 h6 13.Qe2 Re8 14.Bf4 Qb6 15.Rad1 Bf8
16.b3 a5 17.Nd2 Nf6 18.Nc4 Qd8 19.Ne5 Nd7 20.c4 Nxe5 21.Bxe5 Qb6 22.g4 Bg6
23.c5 Qb4 24.Rc1 f6 25.Rc4 Qb5 26.Bc7 Bf7 27.Rc2 Qxe2 28.Rcxe2 Re7 29.Bb6 Rd7
30.Re4 Be7 31.Bf1 Bd8 32.Bc4 Bxb6 33.cxb6 Rad8 34.Rxe6 Kf8 35.R6e4  1/2-1/2

[Event "Bern op"]
[Site "Bern"]
[Date "1993.??.??"]
[Round "3"]
[White "Marangunic, Srdjan"]
[Black "Vyzmanavin, Alexey"]
[Result "1-0"]
[WhiteElo "2455"]
[BlackElo "2620"]

1.Nf3 d5 2.g3 c6 3.Bg2 Bg4 4.O-O Nd7 5.d4 e6 6.c4 Ngf6 7.Qb3 Qb6 8.Nc3 Be7
9.Re1 O-O 10.e4 dxc4 11.Qxc4 Rac8 12.Qb3 Qxb3 13.axb3 a6 14.Be3 Rfd8 15.h3 Bh5
16.Nd2 c5 17.d5 exd5 18.exd5 Bf8 19.Nc4 Ne8 20.g4 Bg6 21.Bf4 f6 22.Na5 Bd6
23.Rxe8+ Bxe8 24.Bxd6  1-0

[Event "Biel op"]
[Site "Biel"]
[Date "1993.??.??"]
[Round "8"]
[White "Hickl, Joerg"]
[Black "Tseitlin, Mark D"]
[Result "1-0"]
[WhiteElo "2570"]
[BlackElo "2430"]

1.g3 d5 2.Nf3 c6 3.Bg2 Bg4 4.b3 e6 5.Bb2 Nd7 6.d3 Ngf6 7.O-O Bc5 8.c4 O-O
9.Nbd2 Re8 10.a3 a5 11.Qc2 Bb6 12.b4 e5 13.c5 Bc7 14.e4 Nf8 15.Rfe1 Ng6 16.h3 Be6
17.Rad1 Qb8 18.exd5 Bxd5 19.Ne4 Qc8 20.Nfd2 axb4 21.axb4 Qe6 22.Kh2 Ra2 23.Ra1 Rea8
24.Rxa2 Rxa2 25.Bf1 Qf5 26.Kg1 h5 27.h4 Nxh4 28.gxh4 Qg4+ 29.Bg2 Qxh4 30.Ra1 Rxa1+
31.Bxa1 Ng4 32.Nf3 Qd8 33.Qe2 Qa8 34.Bc3 Qa3 35.Qb2 Qa4 36.Qa1 Qxa1+ 37.Bxa1 f6
38.Nc3 Bb3 39.Kf1 Kf7 40.Ke2 Be6 41.b5 Ba5 42.Nd2 Bb4 43.Nce4 cxb5 44.Bc3 Ba3
45.Nb1 b4 46.Nd6+ Ke7 47.Nb5 bxc3 48.N5xa3 Bc8 49.Nxc3 Nh6 50.Nd5+ Kd8 51.Nb6 Bg4+
52.Kd2 Kc7 53.Nb5+ Kb8 54.Nd6 Nf5 55.Nxb7 Nd4 56.Na5 h4 57.Nc6+ Nxc6 58.Bxc6 Kc7
59.Bh1 f5 60.Nc4 e4 61.Ne5 Bh5 62.dxe4 f4 63.Bg2 g5 64.Bh3  1-0

[Event "Bischwiller op"]
[Site "Bischwiller"]
[Date "1993.??.??"]
[Round "?"]
[White "Roos, Daniel"]
[Black "Rausis, Igors"]
[Result "1/2-1/2"]
[WhiteElo "2410"]
[BlackElo "2560"]

1.Nf3 d5 2.g3 Bg4 3.Bg2 Nd7 4.c4 c6 5.cxd5 cxd5 6.O-O Ngf6 7.Nc3 e6 8.d3 Be7
9.h3 Bxf3 10.Bxf3 O-O 11.Bf4 Qb6 12.Rb1 Rfd8 13.d4 Rac8 14.Qd3 Rc4 15.Rfd1 Rdc8
16.g4 Bd6 17.Bxd6 Qxd6 18.e3 a6 19.Bg2 b5 20.Ne2 h6 21.b3 R4c7 22.Rbc1 Kf8
23.Rxc7 Rxc7 24.Rc1 Rxc1+ 25.Nxc1 Qc7 26.Qd2 g5 27.Ne2 Kg7 28.Qc3 Qxc3 29.Nxc3 Kf8
30.a3  1/2-1/2

[Event "Bishkek zt"]
[Site "Bishkek"]
[Date "1993.??.??"]
[Round "?"]
[White "Kanstler, Boris"]
[Black "Serper, Grigory"]
[Result "0-1"]
[WhiteElo "2445"]
[BlackElo "2590"]

1.Nf3 d5 2.g3 c5 3.Bg2 Nc6 4.O-O e5 5.c4 d4 6.d3 Nge7 7.e3 Ng6 8.exd4 exd4
9.Ng5 Be7 10.Re1 O-O 11.Qh5 Bxg5 12.Bxg5 Qb6 13.Bc1 Nb4 14.Qd1 Bf5 15.Be4 Bxe4
16.Rxe4 f5 17.Re2 f4 18.a3 Nc6 19.Bxf4 Nxf4 20.gxf4 Rxf4 21.Nd2 Raf8 22.Rb1 Qc7
23.Qe1 R4f5 24.Re8 Qf4 25.Qe6+ Kh8 26.Rxf8+ Rxf8 27.Qe2 Ne5 28.Kg2 Qg5+ 29.Kh1 Qf5
30.Ne4 Nf3 31.Qf1 Re8 32.Ng3 Qf4 33.Rd1 Nh4 34.Kg1 Rf8 35.Qe2 Nf3+ 36.Kg2 Qg4
37.Rf1 Nh4+ 38.Kg1 Nf3+ 39.Kg2 b6 40.h3 Nh4+ 41.Kh2 Nf3+ 42.Kg2 Qg5 43.Qe6 h6
44.b4 Ne5 45.Qd6 Rd8 46.f4 Rxd6 47.fxg5 Nxd3 48.Rf8+ Kh7 49.Rf7 Ne5 50.Rxa7 d3
51.gxh6 d2 52.Rxg7+ Kh8  0-1

[Event "Brno-C"]
[Site "Brno"]
[Date "1993.??.??"]
[Round "?"]
[White "Guenthner, Oliver"]
[Black "Skomorokhin, Roman"]
[Result "0-1"]
[WhiteElo "2260"]
[BlackElo "2460"]

1.Nf3 d5 2.g3 c6 3.Bg2 Bg4 4.d3 Nd7 5.Nbd2 Ngf6 6.c4 e6 7.O-O Bd6 8.b3 O-O
9.Bb2 a5 10.a3 Re8 11.e4 dxe4 12.dxe4 Qb6 13.Qc2 e5 14.Bc3 Rad8 15.b4 axb4
16.axb4 Bxb4 17.Rfb1 c5 18.Bxb4 cxb4 19.Ra4 Nc5 20.Raxb4 Qd6 21.Rb5 Bd7 22.R5b2 Ba4
23.Qc3 Bc6 24.Qe3 Nd3 25.Rc2 Ng4 26.Qg5 Ndxf2 27.h3 Qc5 28.Nb3 Nxh3+ 29.Kh1 Nxg5
30.Nxc5 Nxe4 31.Nxb7 Bxb7  0-1

[Event "Brno-C"]
[Site "Brno"]
[Date "1993.??.??"]
[Round "?"]
[White "Gross, Stefan"]
[Black "Orsag, Milan"]
[Result "1/2-1/2"]
[WhiteElo "2330"]
[BlackElo "2390"]

1.Nf3 d5 2.g3 c5 3.Bg2 Nc6 4.O-O Nf6 5.d3 Bg4 6.h3 Bh5 7.Nbd2 e6 8.c3 Be7
9.a3 O-O 10.b4 a6 11.Rb1 b5 12.bxc5 Bxc5 13.a4 Rb8 14.axb5 axb5 15.Nb3 Bd6
16.Nh4 Qe7 17.Qe1 Nd7 18.f4 f6 19.Nf5 exf5 20.Bxd5+ Rf7 21.Bxc6 Bxe2 22.Bd5 Bxd3
23.Qxe7 Bxe7 24.Re1 Re8 25.Ba3 Bxb1 26.Rxe7 Rxe7 27.Bxe7 Be4 28.Be6 Nf8 29.Bxf7+ Kxf7
30.Bxf8 Kxf8 31.Kf2 Bc6  1/2-1/2

[Event "Brussels zt"]
[Site "Brussels"]
[Date "1993.??.??"]
[Round "2"]
[White "Wians, Camille"]
[Black "Relange, Eloi"]
[Result "0-1"]
[WhiteElo "2265"]
[BlackElo "2295"]

1.Nf3 d5 2.g3 Nf6 3.Bg2 Bf5 4.a4 Nbd7 5.d4 e6 6.O-O h6 7.a5 Be7 8.a6 b6 9.c3 O-O
10.Na3 Qc8 11.Bf4 Nh5 12.Qd2 Nxf4 13.Qxf4 Bd6 14.Qe3 Qxa6 15.Nh4 Bh7 16.c4 Nf6
17.Nb5 Qb7 18.Nxd6 cxd6 19.Qa3 Ne4 20.cxd5 Qxd5 21.e3 a5 22.Rac1 Rac8 23.Nf3 Qb5
24.Nh4 Nd2 25.Rxc8 Rxc8 26.Re1 g5 27.Qxd6 gxh4 28.d5 Qb4 29.Qd7 Nf3+ 30.Bxf3 Qxe1+
31.Kg2 Rc2  0-1